000 00393nam a2200169Ia 4500
008 210210b1963 xxu||||| |||| 00| 0 eng d
041 _aeng
082 _a370/6
100 _aBHATTACHARYA (S)
245 _aGuidance in education
260 _aBombay
_bAsia Publishing House
_c1963
650 _ain
650 _aGuidance
650 _aeducation
690 _aEducation
906 _a004946
999 _c128589
_d128589